| 000 | nam a22 a 4500 | ||
|---|---|---|---|
| 999 |
_c327474 _d327474 |
||
| 003 | BLK | ||
| 005 | 20210602133948.0 | ||
| 008 | 181210b bu ||||| |||| 00| 0 bu d | ||
| 020 | _a978-619-7300-54-3 | ||
| 040 | _aBLK | ||
| 041 |
_aBUL _cBUL |
||
| 080 |
_aБългарска литература _b821.163.2 |
||
| 100 | 1 |
_945392 _aВанев, Петър _eпърви автор |
|
| 139 |
_aВанев, Петър _bВ 19 |
||
| 245 |
_aПътека през огън и лед _b6 000 стъпки по Тихоокеанския хребетен път от Мексико до Канада _cПетър Ванев |
||
| 260 |
_9214255 _aСофия _bВакон _c2018 _n978-619-7300- |
||
| 300 |
_a384 с. _c20 см |
||
| 380 | _aX | ||
| 852 |
_bП _cП 886.7/В 19 _aЦб 295448 |
||
| 942 |
_n0 _cKNG _021 |
||
| 999 | _d327474 | ||